General chemistry now. Interactive version 4.0 (Record no. 75832)

MARC details
000 -LEADER
fixed length control field 01133nam a2200277 a 4500
008 - FIXED-LENGTH DATA ELEMENTS--GENERAL INFORMATION
fixed length control field 140624c20069999||||||||||||||||| || u
020 ## - INTERNATIONAL STANDARD BOOK NUMBER
International Standard Book Number 0534409296
020 ## - INTERNATIONAL STANDARD BOOK NUMBER
International Standard Book Number 053499766X (Student ed.)
050 ## - LIBRARY OF CONGRESS CALL NUMBER
Classification number CD/QD 505.5 Kot
100 ## - MAIN ENTRY--PERSONAL NAME
Personal name Treichel, Paul
245 10 - TITLE STATEMENT
Title General chemistry now. Interactive version 4.0
Statement of responsibility, etc. John C. Kotz, Paul M. Treichel, Gabriela C. Weaver.
Medium [cd-rom]
246 ## -
-- Chemistry and chemical reactivity
246 ## -
-- Chemistry & chemical reactivity
250 ## - EDITION STATEMENT
Edition statement 6th ed.
260 ## - PUBLICATION, DISTRIBUTION, ETC.
Place of publication, distribution, etc. Belmont, CA
Name of publisher, distributor, etc. Thomson Brooks/Cole
Date of publication, distribution, etc. 2006
300 ## - PHYSICAL DESCRIPTION
Extent 4 3/4 in.
650 #0 - SUBJECT ADDED ENTRY--TOPICAL TERM
Topical term or geographic name entry element CHEMISTRY
650 #0 - SUBJECT ADDED ENTRY--TOPICAL TERM
Topical term or geographic name entry element CHEMICAL REACTIONS
650 #0 - SUBJECT ADDED ENTRY--TOPICAL TERM
Topical term or geographic name entry element CHEMISTRY - PROBLEMS, EXERCISES, ETC
650 #0 - SUBJECT ADDED ENTRY--TOPICAL TERM
Topical term or geographic name entry element CHEMICAL REACTIONS--PROBLEMS,EXERCISES,ETC
700 ## - ADDED ENTRY--PERSONAL NAME
Personal name Kotz, John C
700 ## - ADDED ENTRY--PERSONAL NAME
Personal name Weaver, Gabriela C
856 ## - ELECTRONIC LOCATION AND ACCESS
Uniform Resource Identifier http://now.brookscole.com/kotz6e
995 ## -
-- e-RESOURCES
-- 20142269
-- CBU-MAIN LIBRARY (Kitwe)
-- CD/QD 505.5 Kot
-- 2
-- AVAILABLE
-- Jun 28, 2016
-- 20142269
-- e-Media Collection
995 ## -
-- e-RESOURCES
-- 20140033
-- CBU-MAIN LIBRARY (Kitwe)
-- CD/QD 505.5 Kot
-- 1
-- AVAILABLE
-- Jun 24, 2014
-- 20140033
-- e-Media Collection
999 ## -
-- 75832
-- 75832
Holdings
Withdrawn status Lost status Source of classification or shelving scheme Damaged status Not for loan Permanent Location Current Location Shelving location Date acquired Total Checkouts Full call number Barcode Date last seen Copy number Price effective from Koha item type
          CBU-MAIN LIBRARY, KITWE. CBU-MAIN LIBRARY, KITWE.   04/25/2023   CD/QD 505.5 Kot 20142269 04/25/2023 1 04/25/2023 DVD/CD-ROM
          CBU-MAIN LIBRARY, KITWE. CBU-MAIN LIBRARY, KITWE.   04/25/2023   CD/QD 505.5 Kot 20140033 04/25/2023 2 04/25/2023 DVD/CD-ROM